000 01050nam a2200301 a 4500
001 3540929
003 OSt
005 20251112153849.0
008 960720s1995 ke a b 001 0 eng
010 _a 96980256
020 _a9966450122
040 _aDLC
_cDLC
042 _alcode
043 _af------
050 0 0 _aHC800.Z9
_bE548 1995
082 _a384 MED 1995
100 _aEdited by Okigbo, Charles.
_919519
245 0 0 _aMedia and Sustainable Development
260 _aNairobi;
_bAfrican Council for Communication Education,
_c1995.
300 _avi, 506 p. :
_bill. ;
_c25 cm.
500 _a"This book is the product of the 9th Biennial Conference of the African Council for Communication Education ..."--Introd.
504 _aIncludes bibliographical references and index.
650 0 _aCommunication channels
_96955
650 0 _aEconomic development
_9521
906 _a7
_bcbc
_corigode
_d3
_encip
_f19
_gy-gencatlg
942 _2ddc
_cSLOAN
999 _c3129
_d3129